SPBW/ne Erwerbungsarten Bib Teil 2 - Statistiken

Allgemein
  • Dieses Quiz wurde 22 mal gespielt
  • Das Durchschnittsergebnis liegt bei 5 aus 8
Antwortstatistiken
Hint Antwort % Korrekt
Was ist die wichtigste Erwerbungsart? Kauf
100%
An wen erfolgt die Pflichtablieferung auf Bundesebene? an die Deutsche Nationalbibliothek
75%
Bei welchen Medien bietet sich der Direktbezug über Verlage besonders an? Zeitungen/Zeitschriften
75%
Welcher Lieferant übernimmt die komplette Zeitschriftenverwaltung und stellt nur eine Rechnung über alle bezogenen Titel aus? Agenturen
50%
Graue Literatur ist nur bei welchem Lieferanten zu erwerben? bei der herausgebenden Körperschaft
50%
Welcher Lieferant zeichnet sich durch günstige Lieferkonditionen und eine Ansicht vor Ort aus? der örtliche Buchhandel
50%
Nenne einen möglichen Tauschgegenstand Dubletten | Hochschulschriften | Eigene Veröffentlichungen
50%
Bei welchen Bibliotheken ist der Tausch üblich? In wissenschaftlichen Bibliotheken
50%
Keine übereinstimmenden Quizze gefunden
Verteilung der Resultate
Anzahl Personen mit jedem Resultat
Perzentil nach korrekt beantworteten Fragen
Ihre Resultats-Entwicklung
Sie haben dieses Quiz noch nicht gespielt